Post-natal growth and energetics of suckling bats (Registro nro. 10558)

Detalles MARC
000 -CABECERA
Campo de control 005410000a22001810004500
090 ## - CLASIFICACIÓN LOCAL
Colección AR
Consecutivo 01474
041 0# - IDIOMA
Código de idioma para texto/pista de sonido o título separado
100 1# - ASIENTO PRINCIPAL--NOMBRE PERSONAL
Nombre personal Kunz, Thomas H.
245 10 - MENCION DE TITULO
Título Post-natal growth and energetics of suckling bats
650 14 - ASIENTO SECUNDARIO DE MATERIA - TERMINO TEMATICO
Término temático o nombre geográfico como elemento de entrada Murciélagos
650 14 - ASIENTO SECUNDARIO DE MATERIA - TERMINO TEMATICO
Término temático o nombre geográfico como elemento de entrada Fisiología animal
650 14 - ASIENTO SECUNDARIO DE MATERIA - TERMINO TEMATICO
Término temático o nombre geográfico como elemento de entrada Biología
650 14 - ASIENTO SECUNDARIO DE MATERIA - TERMINO TEMATICO
Término temático o nombre geográfico como elemento de entrada Desarrollo animal
653 ## - TERMINO DE INDIZACION - NO CONTROLADO
-- Myotis
-- Myotis lucífugus
653 ## - TERMINO DE INDIZACION - NO CONTROLADO
-- Eptesicus
-- Eptesycus fuscus
773 1# - Item fuente:
Título Recent Advances in the Study of Bats
Especificación de materiales 528
Paginas del Articulo 395-420
Lugar, editorial y fecha de publicación 1987
942 ## - ELEMENTOS ADICIONALES (KOHA)
Tipo de ítem Artículo
Existencias
Withdrawn status Lost status Damaged status No para préstamo Colección Ubicación Permanente Ubicación actual Fecha de adquisición Fuente de Valor Datos de publicación Seriada Total Checkouts Número topográfico Inventario / Código de Barras Date last seen Ejemplar Price effective from Forma de adquisición Tipo de material
      No para Préstamo Hemeroteca Bogotá Bogotá 27/02/2015 Muñoz Saba, Yaneth Fuera de circulación   AR 01474 011831 25/03/2015 1 25/03/2015   Artículo